000 00356nam a2200109Ia 4500
008 171204s9999 xx 000 0 und d
245 _aStraight Girls and Queer Guys: The Hetero Media Gaze in Film and Television:
245 _cChristopher Pullen
260 _c2016
650 _xINTRODUCTION TO FILM
856 _uhttp://down.ebook777.com/045/0748694846.pdf
999 _c346099
_d346099